000 00944nam a22002657a 4500
001 06359
003 HDC
007 cr bn ---aaaaa
008 210123b20042004xxu||||| |||| 00| 0 eng d
020 _a0824703510
040 _aHDC
100 _aHauthal, Hermann G.
_eauthor
_96721
245 0 _aTypes and Typical Ingredients of Detergents
_c/ Hermann G. Hauthal
260 _aNew York:
_bMarcel Dekker,
_c2004
300 _a1 online resource (99 pages)
336 _atext
_2rdacontent
337 _acomputer
_2rdamedia
338 _aonline resource
_2rdacarrier
500 _aOriginally from: Handbook of detergents, 2009 (pages 1-99)
_aIncludes bibliographical references
650 _aDetergents
_96560
856 _zRequest full-text at [email protected]
942 _2lcc
942 _cCHAP
942 _kEBCH 004249
999 _c3683
_d3683